000 00709nam a22001937a 4500
999 _c186439
_d186439
005 20220302113036.0
010 _aENG-131834
020 _a9789389080254
_c130.00
035 _aEN-115366
037 _bDBAD/PUB
082 _a881
100 _aVirumbi's, Muththamizh
245 _aA Lady At the Little Gate:
_bCollection of poems from the only living Classical Language, Tamil/
_cMuththamizh Virumbi's and Translated by C. Rajeswari
260 _aChennai
_bOlivannan Gopalakrishnan
_c2019
270 _a15 A, First Floor, Casa Major Road, Egmore
_bChennai
_e600008
_minfo@emeraldpublishers.com
300 _axxxi, 79p.
_c18cm(pbk)
700 _aRajeswari, C
942 _2ddc
_cEN
_h881
_mVIR